Balak Blues

Bibliographic Details
Format: Book

MARC

LEADER 00000cam a2200000 7i4500
001 0000008592
002 000009365
005 20000330.0
020 |a 9839806300 
090 0 0 |a F   |b AHA 
245 1 0 |a Balak Blues 
999 |a 042224   |b BUKU   |c PINJAMAN   |e PERPUSTAKAAN KOMUNITI PETALING JAYA